Health and safety; the state of play (Record no. 74132)
[ view plain ]
| 000 -LEADER | |
|---|---|
| fixed length control field | 01179cab a2200229 4500 |
| 001 - CONTROL NUMBER | |
| control field | ABS67431 |
| 008 - FIXED-LENGTH DATA ELEMENTS--GENERAL INFORMATION | |
| fixed length control field | 040205n2004 000 0 eng u |
| 035 ## - SYSTEM CONTROL NUMBER | |
| System control number | (Sirsi) u125064 |
| 100 ## - MAIN ENTRY--PERSONAL NAME | |
| Personal name | Fidderman, H |
| 245 ## - TITLE STATEMENT | |
| Title | Health and safety; the state of play |
| 260 ## - PUBLICATION, DISTRIBUTION, ETC. | |
| Date of publication, distribution, etc. | 2004 |
| 490 ## - SERIES STATEMENT | |
| Series statement | Health and Safety Bulletin |
| Volume/sequential designation | (325) January/February 2004, 18-26 (9) |
| 520 ## - SUMMARY, ETC. | |
| Summary, etc. | Compiled by the "Health and Safety Bulletin" in what it calls its state of play table, this article reviews all the activities and developments effecting both Health and Safety Commission and Health and Safety Executive over the period 14 June to 10 December 2003. Subject areas covered include: accidents, asbestos, contractors, fire and insurance. The table also gives details of the latest position with regard to legislative proposals and gives readers advance notice of important developments in health and safety. |
| 590 ## - LOCAL NOTE (RLIN) | |
| Local note | ABS |
| 650 ## - SUBJECT ADDED ENTRY--TOPICAL TERM | |
| Topical term or geographic name entry element | ACCIDENTS |
| 650 ## - SUBJECT ADDED ENTRY--TOPICAL TERM | |
| Topical term or geographic name entry element | MANAGEMENT-HEALTH AND SAFETY-HAZARDOUS SUBSTANCES-ASBESTOS |
| 650 ## - SUBJECT ADDED ENTRY--TOPICAL TERM | |
| Topical term or geographic name entry element | HEALTH AND SAFETY COMMISSION |
| 650 ## - SUBJECT ADDED ENTRY--TOPICAL TERM | |
| Topical term or geographic name entry element | HEALTH AND SAFETY EXECUTIVE |
| 650 ## - SUBJECT ADDED ENTRY--TOPICAL TERM | |
| Topical term or geographic name entry element | LEGISLATION |
| 690 ## - LOCAL SUBJECT ADDED ENTRY--TOPICAL TERM (OCLC, RLIN) | |
| Topical term or geographic name as entry element | HEALTH AND SAFETY |
| 9 (RLIN) | 6244 |
| 942 ## - ADDED ENTRY ELEMENTS (KOHA) | |
| Suppress in OPAC | 0 |
| Withdrawn status | Lost status | Source of classification or shelving scheme | Damaged status | Not for loan | Home library | Current library | Shelving location | Date acquired | Total Checkouts | Full call number | Barcode | Date last seen | Copy number | Price effective from | Koha item type |
|---|---|---|---|---|---|---|---|---|---|---|---|---|---|---|---|
| Dewey Decimal Classification | London | London | Journal article | 05/02/2004 | ABS67431 | 125064-1001 | 06/08/2019 | 1 | 06/08/2019 | Journal article |